• 首页
  • 本馆介绍
  • 公告通知
  • 最新文献
  • 馆藏检索
  • 电子资源
  • 读者导购
  • 参考咨询
  • 我的图书馆
  • 登录
  • 详细信息显示
  • 放入我的书架
  • 预约/预借图书
  • 作者相关作品
  • 分类相关作品
  • 丛书相关作品
  • 出版社相关作品

书目信息

  • 表格格式
  • 工作单格式
  • 卡片格式
题名:
涉税服务相关法律经典题解
    
 
作者: 李素贞 主编 ;中华会计网校 编
分册:   习题卷
出版信息: 上海   上海交通大学出版社  2021
页数: 2册(200;292页)
开本: 26cm
丛书名: 梦想成真辅导丛书
单 册:
中图分类: D922.220.4 , D922.2
科图分类:
主题词: 税法--中国--资格考试--题解
电子资源:
ISBN: 978-7-313-24875-6
000 01202nam0 2200289 450
001 2362792888
005 20231214172728.57
010    @a978-7-313-24875-6@dCNY 40.00
100    @a20211019d2021 em y0chiy0120 ea
101 0  @achi
102    @aCN@b310000
105    @ay zq 000yy
200 1  @a涉税服务相关法律经典题解@Ashe shui fu wu xiang guan fa lv jing dian ti jie@b专著@i习题卷@f李素贞主编@g中华会计网校编
210    @a上海@c上海交通大学出版社@d2021
215    @a2册(200;292页)@d26cm
225 1  @a梦想成真辅导丛书
300    @a2021年度全国税务师职业资格考试
300    @a2021年度税务师梦想成真系列
330    @a本书内容包含实体法和程序法两大部分,其中,实体法包括行政、民商、刑事法律制度,程序法相对应的为行政、民事、刑事诉讼法律制度。本书分为题解卷和习题卷两册。题解卷以知识点的讲解为主,分为备考先修阶段和强化讲解阶段;习题卷以题目演练为主,分为习题巩固阶段、跨章节突破阶段和决胜预测阶段。
517 1  @a习题卷@AXi Ti Juan
606 0  @a税法@y中国@x资格考试@j题解
690    @aD922.220.4@v5
690    @aD922.2@v4
701  0 @a李素贞@Ali su zhen@4主编
712 02 @a中华会计网校@Azhong hua kuai ji wang xiao@4编
801  2 @aCN@b辽宁北配@c20231205
905    @aZUCC@dD922.2@e37:2
    
    涉税服务相关法律经典题解.习题卷/李素贞主编/中华会计网校编.-上海:上海交通大学出版社,2021
    2册(200;292页);26cm.-(梦想成真辅导丛书)
    2021年度全国税务师职业资格考试.-2021年度税务师梦想成真系列
    
    ISBN 978-7-313-24875-6:CNY 40.00
    本书内容包含实体法和程序法两大部分,其中,实体法包括行政、民商、刑事法律制度,程序法相对应的为行政、民事、刑事诉讼法律制度。本书分为题解卷和习题卷两册。题解卷以知识点的讲解为主,分为备考先修阶段和强化讲解阶段;习题卷以题目演练为主,分为习题巩固阶段、跨章节突破阶段和决胜预测阶段。
●
相关链接 在五车中查询图书 在当当中查询图书 在豆瓣中查询图书


正题名:涉税服务相关法律经典题解     索取号:D922.2/37:2         预约/预借

序号 登录号 条形码 馆藏地/架位号 状态 备注
1 2001517896   2001517896   第四书库/33/ [索取号:D922.2/37:2] 在馆    
2 2001517897   2001517897   第四书库/33/ [索取号:D922.2/37:2] 在馆    
3 2001517898   2001517898   第四书库/33/ [索取号:D922.2/37:2] 在馆    
4 2001517899   2001517899   第四书库/33/ [索取号:D922.2/37:2] 在馆    
5 2001517900   2001517900   第四书库/33/ [索取号:D922.2/37:2] 在馆    
6 2001517901   2001517901   第四书库/33/ [索取号:D922.2/37:2] 在馆    
7 2001517902   2001517902   第四书库/33/ [索取号:D922.2/37:2] 在馆    
8 2001517903   2001517903   第四书库/33/ [索取号:D922.2/37:2] 在馆    
9 2001517904   2001517904   第四书库/33/ [索取号:D922.2/37:2] 在馆    
10 2001517905   2001517905   第四书库/33/ [索取号:D922.2/37:2] 在馆    
11 2001518068   2001518068   第四书库/33/ [索取号:D922.2/37:2] 在馆    
12 2001518069   2001518069   第四书库/33/ [索取号:D922.2/37:2] 在馆    
13 2001518070   2001518070   第四书库/33/ [索取号:D922.2/37:2] 在馆    
14 2001518071   2001518071   第四书库/33/ [索取号:D922.2/37:2] 在馆    
15 2001518072   2001518072   第四书库/33/ [索取号:D922.2/37:2] 在馆    
16 2001518073   2001518073   第四书库/33/ [索取号:D922.2/37:2] 在馆    
17 2001518074   2001518074   第四书库/33/ [索取号:D922.2/37:2] 在馆    
18 2001518075   2001518075   第四书库/33/ [索取号:D922.2/37:2] 在馆    
19 2001518076   2001518076   第四书库/33/ [索取号:D922.2/37:2] 在馆    
20 2001518077   2001518077   第四书库/33/ [索取号:D922.2/37:2] 在馆    
21 2001518078   2001518078   第四书库/33/ [索取号:D922.2/37:2] 在馆    
22 2001518079   2001518079   第四书库/33/ [索取号:D922.2/37:2] 在馆    
23 2001518080   2001518080   第四书库/33/ [索取号:D922.2/37:2] 在馆    
24 2001518081   2001518081   第四书库/33/ [索取号:D922.2/37:2] 在馆    
25 2001518082   2001518082   第四书库/33/ [索取号:D922.2/37:2] 在馆    
26 2001518083   2001518083   第四书库/33/ [索取号:D922.2/37:2] 在馆    
27 2001518084   2001518084   第四书库/33/ [索取号:D922.2/37:2] 在馆    
28 2001518085   2001518085   第四书库/33/ [索取号:D922.2/37:2] 在馆    
29 2001518086   2001518086   第四书库/33/ [索取号:D922.2/37:2] 在馆    
山东省滨州职业学院图书馆 欢迎您!
大连网信软件有限公司© 版权所有